Organizational structures and job attitudes (Record no. 523566)

MARC details
000 -LEADER
fixed length control field 00626nam a2200217Ia 4500
003 - CONTROL NUMBER IDENTIFIER
control field OSt
005 - DATE AND TIME OF LATEST TRANSACTION
control field 20220925192834.0
008 - FIXED-LENGTH DATA ELEMENTS--GENERAL INFORMATION
fixed length control field 220923b |||||||| |||| 00| 0 eng d
037 ## - SOURCE OF ACQUISITION
Terms of availability General Book
040 ## - CATALOGING SOURCE
Original cataloging agency RTL
Transcribing agency RTL
Language of cataloging eng
041 ## - LANGUAGE CODE
Source of code eng
Language code of text/sound track or separate title eng
100 ## - MAIN ENTRY--PERSONAL NAME
Personal name Pestonjee D M
245 #0 - TITLE STATEMENT
Title Organizational structures and job attitudes
260 ## - PUBLICATION, DISTRIBUTION, ETC.
Place of publication, distribution, etc. Calcutta
Name of publisher, distributor, etc. Minerva Associates
Date of publication, distribution, etc. 1973
300 ## - PHYSICAL DESCRIPTION
Extent viii, 157p. Bibliography p 140-52
Dimensions cm.
942 ## - ADDED ENTRY ELEMENTS (KOHA)
Classification part X:971.2.N7, L3
Koha item type General Books
Source of classification or shelving scheme Colon Classification (CC)

No items available.

Copyright @ Delhi University Library System